00778nam a2200181 a 450000100100000000500170001000800410002704000250006810000250009324500340011826000460015230000360019804900090023495201110024395201200035495201050047499900170057900003565120200930074513.0111107s2011 dr 000 0 spa d aDO-SdBNPbspacBNPHU1 aBatista, Acir96156610aDe todo lo que no me sobra /. aSanto Domingo :bEditora Corripio,c2011. a104 p. :bil., retrs. ;c29 cm. aBNPD 0010718PDaPDbPDcCTd2011-11-07iLF1l0o p35651-10r2020-06-25te. 2w2020-06-25yLFPDZNo se presta 001054708DSaPDbPDcCTd2011-11-07iLF1l0o p35651-20r2020-06-25te. 3w2020-06-25yLFDSZPréstamo en sala 0010718PDaPDbPDcCTd2011-11-07iLF1l0o p35651-30r2020-06-25w2020-06-25yLFPDZNo se presta c35142d35142